The Missing Link #6 - Statistics

General Stats
  • This quiz has been taken 75 times
  • The average score is 11 of 15
Answer Stats
Picture Hint Answer % Correct
Monarch Queen Elizabeth II
100%
Theorist Albert Einstein
98%
Gift Bringer Santa Claus
97%
Beatle John Lennon
95%
Silent Actor Charlie Chaplin
94%
Messiah Jesus
94%
Singer-Songwriter David Bowie
79%
Rock Legend Freddie Mercury
79%
Producer Alfred Hitchcock
78%
Astronaut Buzz Aldrin
76%
Actor Michael J Fox
62%
Tennis Champion Arthur Ashe
49%
Actor / Doctor David Tennant
41%
Comedy Character Dame Edna Everage
24%
What's the Link ? All featured on Stamps
0%
No matching quizzes found
Score Distribution
Percent of People with Each Score
Percentile by Number Answered
Your Score History
You have not taken this quiz